| 000 | 00624nam a22002172 4500 | ||
|---|---|---|---|
| 001 | 0000001858 | ||
| 005 | 20151217155813.0 | ||
| 008 | 070328s xx 000 0 eng d | ||
| 020 |
_a9966467041 : _cKES 680 |
||
| 040 |
_aKABU _cKABU |
||
| 050 | 0 |
_aB5419 _b.O78P73 |
|
| 100 | 1 |
_aOruka, H. Odera. _@0000148123 |
|
| 245 | 1 | 0 |
_aPractical philosophy : _bin search of an ethical minimum. |
| 260 |
_aNairobi : _bEAEP, _c1997. |
||
| 300 | _axvii, 309 p. | ||
| 650 | 0 |
_aPhilosophy. _@0000147995 |
|
| 650 | 0 |
_aEthics. _@0000148122 |
|
| 908 | _a070328 | ||
| 950 | _@1 | ||
| 999 |
_c12638 _d12638 |
||